000
00369nam a2200133Ia 4500
008
100328s9999 xx 000 0 und d
082
_b
69188
100
_a
जोशी सुशीला.
245
_a
वेदना.
260
_b
विभासा पुस्तक महाल.
630
_a
वेदना.
730
_a
वेदना.
942
_c
BOOK
999
_c
554921
_d
554918